Statistics for Countries, US States, Capitals, Elements, 100 Most Common Words: containing A_A

Click here to take the quiz!

General Stats

  • This quiz has been taken 485 times
  • The average score is 12 of 18

Answer Stats

A_A# answersAnswers% Correct
ALA11Alabama Alaska Guatemala Guatemala City Kampala Kuala Lumpu…
99%
AMA11Alabama Bahamas Bamako Damascus Islamabad Jamaica Manama Pa…
98%
ANA19Antananarivo Astana Botswana Canada Ghana Guyana Havana Ind…
95%
ABA6Addis Ababa Alabama Ashgabat Islamabad Mbabane Rabat
94%
ARA12Ankara Asmara Caracas Harare Honiara Nicaragua Paraguay Par…
92%
ADA4Canada Grenada Madagascar Nevada
89%
AWA6Bandar Seri Begawan Delaware Hawaii Ottawa South Tarawa Sri…
77%
AKA4Dakar Dhaka Jakarta Lusaka
73%
AIA1Praia
73%
AHA2Bahamas Tallahassee
68%
AVA2Bratislava Havana
61%
AZA1Kazakhstan
58%
AGA2Madagascar Ouagadougou
57%
ACA1Caracas
48%
APA1Japan
48%
ATA2Qatar Ulaanbaatar
44%
ASA1Kinshasa
39%
AYA1Sri Jayawardenapura Kotte
31%

Score Distribution

Percentile by Number Answered

Percent of People with Each Score

Your Score History

You have not taken this quiz